LIBRARY & INFORMATION CENTRE, KCAET, TAVANUR

ONLINE PUBLIC ACCESS CATALOGUE (OPAC)

Jaimeneeyasamadwam ( Kilippattu ) / (Record no. 5129)

MARC details
000 -LEADER
fixed length control field 00378cam a2200145ua 4500
041 ## - LANGUAGE CODE
Language code of text/sound track or separate title mal
082 ## - DEWEY DECIMAL CLASSIFICATION NUMBER
Classification number 894.8121
Item number EZH/JA
100 ## - MAIN ENTRY--AUTHOR NAME
Personal name Ezhuthachan, .
245 ## - TITLE STATEMENT
Title Jaimeneeyasamadwam ( Kilippattu ) /
260 ## - PUBLICATION, DISTRIBUTION, ETC. (IMPRINT)
Place of publication Thrissur :
Name of publisher Kerala Sahitya Academy ,
Year of publication 1963.
300 ## - PHYSICAL DESCRIPTION
Number of Pages 780 ; .
942 ## - ADDED ENTRY ELEMENTS (KOHA)
Koha item type Books
Holdings
Withdrawn status Lost status Damaged status Home library Current library Date acquired Full call number Accession Number Koha item type
      KAUAET KAUAET 07/04/2012 894.8121 EZU/JA 1571 Books
free website counter